| 000 | 00684nam a2200229 a 4500 | ||
|---|---|---|---|
| 005 | 20210223120704.0 | ||
| 008 | 991125s1999 ea 000 0 eng u | ||
| 020 | _a1861002971 | ||
| 035 | _aUPN01000005532 | ||
| 049 | _aCG | ||
| 050 | 4 |
_aQA76.76 O6.3 _bM3.2 1999 |
|
| 100 | 1 | _aMatthew, Neil | |
| 245 | 1 | 0 |
_aBeginning linux programming / _cNeil Matthew, Richard Stones. |
| 250 | _a2a ed. | ||
| 260 |
_aBirmingham, Reino Unido : _bWrox Press, _c1999. |
||
| 300 | _a945 p. | ||
| 440 | 0 | _aLinux programming series | |
| 650 | 4 |
_aLINUX (ARCHIVO PARA COMPUTADORA) _912671 |
|
| 650 | 4 |
_aSISTEMAS OPERATIVOS (COMPUTADORAS) _95927 |
|
| 700 | 1 |
_aStones, Richard, _ecoaut. |
|
| 905 | _aLibro | ||
| 999 |
_c5532 _d5532 |
||